Gas purification
সংরক্ষণ করুন:
| প্রধান লেখক: | , |
|---|---|
| বিন্যাস: | গ্রন্থ |
| ভাষা: | ইংরেজি |
| প্রকাশিত: |
Houston
Gulf
1985
|
| সংস্করন: | 4a. ed |
| বিষয়গুলি: | |
| ট্যাগগুলো: |
ট্যাগ যুক্ত করুন
কোনো ট্যাগ নেই, প্রথমজন হিসাবে ট্যাগ করুন!
|
MARC
| LEADER | 00000nam a2200000 a 4500 | ||
|---|---|---|---|
| 001 | UCV6975 | ||
| 003 | CL-VaPUC | ||
| 008 | 881213e19850000US |||||||||||||||||eng|d | ||
| 082 | 0 | 4 | |a 665.7 |b KOH |2 21 |
| 100 | |a Kohl, Arthur L |e author |9 366564 | ||
| 700 | 0 | |a Riesenfeld, Fred C |e author |9 300957 | |
| 245 | 1 | 0 | |a Gas purification |
| 250 | |a 4a. ed | ||
| 300 | |a 900 p | ||
| 942 | |c BK | ||
| 945 | |d 19881213 00:00:00 | ||
| 260 | |a Houston |b Gulf |c 1985 | ||
| 650 | 7 | |a GASES PURIFICACION |2 CL-VaPUC |9 300958 | |
| 583 | |a last modification |c 19881213 00:00:00 |k Rodrigo Vera | ||
| 999 | |c 212744 |d 212742 | ||
| 952 | |0 0 |1 1 |2 ddc |4 0 |6 665_700000000000000_KOH_1985 |7 0 |8 A |9 194289 |a BIBING |b BIBING |d 2019-11-14 |i 2624915 |o 665.7 KOH 1985 |p 2624915 |r 2023-03-02 |w 2019-11-14 |y BK |k EIQ | ||